What's in a Marvel Name? Quiz Stats

 Plays Quiz Updated Oct 30, 2017

Score 0/20 Timer 03:00
15 Plays Today
% Correct
Enchantress
88.5%
Cable
84%
Bishop
83.6%
Jubilee
83.1%
Apocalypse
81.6%
Kingpin
81.1%
Beast
79.4%
Blob
79%
Sentinel
76.7%
Quicksilver
76.2%
% Correct
Hulk
74.9%
Phalanx
74.8%
Daredevil
74.2%
Rogue
71%
Forge
67.2%
Gambit
65.7%
Thing
65.6%
Corsair
62.2%
Storm
58.2%
Venom
57.8%

You're not logged in!

Compare scores with friends on all Sporcle quizzes.
OR
Log In

You Might Also Like...

Show Comments

Extras

Top Quizzes Today


Score Distribution

Your Account Isn't Verified!

In order to create a playlist on Sporcle, you need to verify the email address you used during registration. Go to your Sporcle Settings to finish the process.

Report this User

Report this user for behavior that violates our Community Guidelines.

Details: